Les animaux sauvages de fiction 1 - Statistiques

Statistiques générales
  • Ce quiz a été pris 102 fois
  • Le résultat moyen est 8 sur 20
Statistiques - réponses
Hint Extra Hint Réponse % Correct
Ratatouille Rat Rémy
84%
Pokémon Souris Pikachu
83%
Aladdin Perroquet Iago
70%
Tortues Ninja Rat Splinter
57%
Harry Potter Hiboux Coquecigrue et Hermès
54%
La planète des singes Singes Cornélius, Zira et Zaïus
52%
Le livre de la jungle Louve Raksha
52%
Frère des ours Ours Kenaï et Koda
51%
Pocahontas (Disney) Colibri Flit
47%
Roman de Renart Ours Brun
46%
La ligne verte Souris Mr Jingles
41%
Gaston Lagaffe Souris Cheese
37%
La nuit au musée Capucin Dexter
33%
Le monde de Narnia Souris Ripitchip
30%
Croc Blanc Loup N'a qu'un oeil
27%
Survivre avec les loups Loups Maman Rita et Papa Ita
18%
L'île noire Singe Ranko
18%
Léonard (BD) Souris Bernadette
16%
Moky et Poupy (BD) Ours Nestor
13%
Dr House Rat Steve McQueen
13%
Aucun quiz correspondant
Distribution des résultats
% des personnes avec chaque résultat
Percentile par nombre de réponses
Votre historique - résultats
Vous n’avez pas pris ce quiz